[Event "COL-ch U16 m sf1"]
[Site "Ibague"]
[Date "2016.04.16"]
[Round "4.9"]
[White "Kevin Esteban, Perez Lombana"]
[Black "Vera, Daniel"]
[Result "1/2-1/2"]
[WhiteElo "1312"]
[BlackElo "1506"]
[PlyCount "28"]
[EventDate "2016.04.14"]
[EventType "swiss"]
[EventRounds "6"]
[EventCountry "COL"]
[SourceTitle "EXT 2024"]
[Source "ChessBase"]
[SourceDate "2023.10.10"]
[SourceVersion "1"]
[SourceVersionDate "2023.10.10"]
[SourceQuality "1"]

1. e4 g6 2. d4 e6 3. Nf3 b6 4. Bd3 Bb7 5. 0-0 Bg7 6. Be3 Ne7 7. Qd2 h5 8. Nc3 d5 9. e5 Nf5 10. a3 Nc6 11. Ne2 a6 12. Ng3 Qd7 13. b4 Nce7 14. Rab1 h4 1/2-1/2